• 首页
  • 本馆介绍
  • 公告通知
  • 最新文献
  • 馆藏检索
  • 电子资源
  • 读者导购
  • 参考咨询
  • 我的图书馆
  • 登录
  • 详细信息显示
  • 放入我的书架
  • 预约/预借图书
  • 作者相关作品
  • 分类相关作品
  • 丛书相关作品
  • 出版社相关作品

书目信息

  • 表格格式
  • 工作单格式
  • 卡片格式
题名:
天体物理学概念
    
 
作者: 哈威特 著 ;万籁 译
分册:  
出版信息: 北京   科学出版社  1981
页数: 641页
开本: 19cm
丛书名:
单 册:
中图分类: P14
科图分类:
主题词: 天体物理学
电子资源:
ISBN:
000 00681nam0 2200241 45
001 0181005049
005 20041104164549.1
010    @dCNY3.15
091    @a13031.1584
100    @a19950727d1981 em y0chiy0121 ea
101 1  @achi@ceng
102    @aCN@b110000
105    @ay z 000yy
200 10 @a天体物理学概念@Atian ti wu li xue gai nian@dAstrophysical concepts@f(美)M.哈威特著@F(Mei)M.Ha Wei Te Zhu@g万籁译
210    @a北京@c科学出版社@d1981
215    @a641页@d19cm
606    @a天体物理学
690    @aP14@v3
701  0 @a哈威特@4著
702  0 @a万籁@Awan lai@4译
801  0 @aCN@b上海图书馆@c20040520
801  2 @aCN@bNLC@c20040520
905    @dP14@e43@f1@b147521
    
    天体物理学概念=Astrophysical concepts/(美)M.哈威特著/万籁译.-北京:科学出版社,1981
    641页;19cm
    
    
    ISBN :CNY3.15
    
●
相关链接 在E读中查询图书 在五车中查询图书 在当当中查询图书 在豆瓣中查询图书


正题名:天体物理学概念     索取号:P14/43         预约/预借

序号 登录号 条形码 馆藏地/架位号 状态 备注
1 0147520   000628565   第三借阅区/ [索取号:P14/43] 在馆    
2 0147521   000628547   密集书库/ [索取号:P14/43] 在馆    
3 0147522   000628538   密集书库/ [索取号:P14/43] 在馆    
4 0147523   000628556   密集书库/ [索取号:P14/43] 在馆    
5 0147524   202101386   第二样本阅览室/ [索取号:P14/43] 在馆    
唐山师范学院图书馆 欢迎您!
大连网信软件有限公司© 版权所有